Vainqueurs de la Coupe du monde de football homme et femme - Statistiques

Statistiques générales
  • Ce quiz a été pris 198 fois
  • Le résultat moyen est 12 sur 13
Statistiques - réponses
Nombre de Titre Pays % Correct
Homme 2 Titres France
100%
Homme 1 Titre Espagne
99%
Femme 1 Titre Espagne
99%
Homme 4 Titres Allemagne
98%
Femme 2 Titres Allemagne
98%
Homme 5 Titres Brésil
98%
Homme 3 Titres Argentine
97%
Homme 4 Titres Italie
96%
Homme 1 Titre Angleterre
95%
Femme 4 Titres États-Unis
93%
Homme 2 Titres Uruguay
93%
Femme 1 Titre Japon
55%
Femme 1 Titre Norvège
46%
Aucun quiz correspondant
Distribution des résultats
% des personnes avec chaque résultat
Percentile par nombre de réponses
Votre historique - résultats
Vous n’avez pas pris ce quiz